Pays les plus médaillés aux championnats du monde de biathlon - Statistiques

Statistiques générales
  • Ce quiz a été pris 33 fois
  • Le résultat moyen est 16 sur 20
Statistiques - réponses
Pays Nombre de médailles % Correct
3 France 143
100%
2 Allemagne 175
97%
14 Allemagne de l'Ouest 13
97%
5 Russie 95
97%
1 Norvège 257
94%
6 Suède 73
94%
17 États Unis 8
91%
9 Finlande 37
91%
8 Italie 40
91%
18 Canada 4
81%
13 Autriche 22
78%
12 République Tchèque 22
78%
16 Pologne 14
75%
19 Slovaquie 4
72%
15 Slovénie 5
69%
11 Biélorussie 29
66%
10 Ukraine 39
66%
20 Bulgarie 8
63%
4 Union Soviétique 96
59%
7 Allemagne de l'Est 41
25%
Aucun quiz correspondant
Distribution des résultats
% des personnes avec chaque résultat
Percentile par nombre de réponses
Votre historique - résultats
Vous n’avez pas pris ce quiz